00269nam a22001097a 4500008004100000020001800041041000800059080000800067100000700075101000800082245006900090180925b xxu||||| |||| 00| 0 eng d a9781118147979 aeng a912 a42 aGJE aAlon E In the Universe Why Our Planet Is UniquecJohn.G